Japanese Loanwords - Statistics

General Stats
  • This quiz has been taken 25 times
  • The average score is 25 of 35
Answer Stats
Hint Answer % Correct
Comics originating in Japan M Manga
100%
A dish consisting of rice, raw fish or seafood, and sometimes seaweed S Sushi
100%
Singing along to music with a microphone K Karaoke
96%
The art of paper folding O Origami
96%
A large tidal wave often caused by earthquakes T Tsunami
96%
Animation originating from Japan A Anime
92%
Suicide by airplane K Kamikaze
92%
A full-length robelike garment K Kimono
92%
A warrior in feudal Japan S Samurai
92%
The art of growing and shaping miniature trees B Bonsai
88%
An image used in messaging E Emoji
88%
Colored varieties of carp kept for decoration K Koi
88%
A Japanese noodle dish R Ramen
88%
An alcoholic beverage brewed from rice S Sake
88%
One of the five basic tastes U Umami
88%
A poem consisting of 5, 7, and 5 syllables per line H Haiku
79%
An authority figure; master S Sensei
79%
Religion originating from Japan S Shinto
79%
A place where martial arts, meditation, or learning is done D Dojo
75%
Dried edible seaweed N Nori
75%
Food made from the curds of coagulated soy milk T Tofu
75%
A ruler of Japan from the 12th century to the Meiji Era; Tokugawa S Shogun
71%
A long, curved sword K Katana
67%
Japanese writing scripts (Name One) H/K Hiragana / Katakana / Kanji
63%
Sushi prepared on a ball of rice smeared in wasabi and topped with raw seafood N Nigiri
58%
The flowers of cherry trees S Sakura
58%
The meat of pufferfish F Fugu
54%
Suicide by disembowelment with a sword S Seppuku
54%
A small, portable charcoal grill H Hibachi
46%
A seasoning made of fermented soybeans with salt and koji M Miso
46%
A rice cake made from rice M Mochi
46%
Horror and sci-fi with giant monsters, such as Godzilla K Kaiju
38%
Cooking technique in which foods are cooked in soy sauce, mirin, and sugar T Teriyaki
33%
A powerful businessman who controls a large firm T Tycoon
21%
An congolomerate Z Zaibatsu
21%
No matching quizzes found
Score Distribution
Percent of People with Each Score
Percentile by Number Answered
Your Score History
You have not taken this quiz